|
|
|
|
| LEADER |
02869nam a22003853i 4500 |
| 001 |
EBC6410064 |
| 003 |
MiAaPQ |
| 005 |
20231204023215.0 |
| 006 |
m o d | |
| 007 |
cr cnu|||||||| |
| 008 |
231204s2010 xx o ||||0 por d |
| 020 |
|
|
|a 9789264086982
|q (electronic bk.)
|
| 035 |
|
|
|a (MiAaPQ)EBC6410064
|
| 035 |
|
|
|a (Au-PeEL)EBL6410064
|
| 035 |
|
|
|a (OCoLC)721893365
|
| 040 |
|
|
|a MiAaPQ
|b eng
|e rda
|e pn
|c MiAaPQ
|d MiAaPQ
|
| 100 |
1 |
|
|a OECD.
|
| 245 |
1 |
0 |
|a Perspectivas Económicas em África 2010.
|
| 250 |
|
|
|a 1st ed.
|
| 264 |
|
1 |
|a Paris :
|b OECD Publishing,
|c 2010.
|
| 264 |
|
4 |
|c {copy}2010.
|
| 300 |
|
|
|a 1 online resource (143 pages)
|
| 336 |
|
|
|a text
|b txt
|2 rdacontent
|
| 337 |
|
|
|a computer
|b c
|2 rdamedia
|
| 338 |
|
|
|a online resource
|b cr
|2 rdacarrier
|
| 505 |
0 |
|
|a Intro -- Primeira parte : Visão global -- Capítulo 1 : Situação macroeconómica e perspectivas futuras -- Capítulo 2 : Fluxos Financeiros Externos -- Capítulo 3 : Políticas Comerciais e Integração Regional em África -- Capítulo 4 : Relatório de Progresso dos Objectivos de Desenvolvimento do Milénio -- Capítulo 5 : Governação Política e Económica -- Segunda parte : Mobilização de recursos públicos e ajuda em África -- Capítulo 1 : O que é a Mobilização de Recursos Públicos, e por que é importante? -- Capítulo 2 : O estado da mobilização de recursos públicos em África -- Capítulo 3 : Desafios para os decisores políticos africanos -- Capítulo 4 : Opções de políticas -- Terceira parte : Estudos de países -- Angola -- Cabo Verde -- Guiné-Bissa -- Moçambique -- São Tomé e Príncipe.
|
| 520 |
|
|
|a - Sumário - Situação macroeconómica e perspectivas futuras - Fluxos Financeiros Externos - Políticas Comerciais e Integração Regional em África - Relatório de Progresso dos Objectivos de Desenvolvimento do Milénio - Governação Política e Económica - O que é a Mobilização de Recursos Públicos, e por que é importante? - O estado da mobilização de recursos públicos em África - Desafios para os decisores políticos africanos - Opções de políticas - Estudos de países.
|
| 588 |
|
|
|a Description based on publisher supplied metadata and other sources.
|
| 590 |
|
|
|a Electronic reproduction. Ann Arbor, Michigan : ProQuest Ebook Central, 2023. Available via World Wide Web. Access may be limited to ProQuest Ebook Central affiliated libraries.
|
| 655 |
|
4 |
|a Electronic books.
|
| 700 |
1 |
|
|a Bank, African Development.
|
| 700 |
1 |
|
|a Africa, United Nations Economic Commission for.
|
| 776 |
0 |
8 |
|i Print version:
|a OECD
|t Perspectivas Económicas em África 2010
|d Paris : OECD Publishing,c2010
|
| 797 |
2 |
|
|a ProQuest (Firm)
|
| 856 |
4 |
0 |
|u https://ebookcentral.proquest.com/lib/matrademy/detail.action?docID=6410064
|z Click to View
|